Memoria presentada por la Junta Directiva á la Asamblea General el 26 de diciembre de 1896 / (Record no. 152947)

MARC details
000 -LEADER
campo de control de longitud fija 00905nam a2200193 i 4500
001 - NÚMERO DE CONTROL
campo de control 152947
003 - IDENTIFICADOR DE NÚMERO DE CONTROL
campo de control ES-MaACL
005 - FECHA Y HORA DE LA ÚLTIMA TRANSACCIÓN
campo de control 20250901095129.0
008 - DATOS DE LONGITUD FIJA--INFORMACIÓN GENERAL
campo de control de longitud fija 040902s1897 sp |||| | spa d
040 ## - FUENTE DE CATALOGACIÓN
Centro catalogador/agencia de origen CAM
Lengua de catalogación spa
Centro/agencia transcriptor CAM
110 2# - ENTRADA PRINCIPAL--NOMBRE DE ENTIDAD CORPORATIVA
Nombre de entidad corporativa o nombre de jurisdicción como elemento de entrada Cámara Oficial de Comercio e Industria de Tarrasa
9 (RLIN) 134319
245 10 - MENCIÓN DEL TÍTULO
Título Memoria presentada por la Junta Directiva á la Asamblea General el 26 de diciembre de 1896 /
Mención de responsabilidad, etc. Cámara de Comercio de Tarrasa.
260 ## - PUBLICACIÓN, DISTRIBUCIÓN, ETC.
Lugar de publicación, distribución, etc. Tarrasa :
Nombre del editor, distribuidor, etc. [s.n.],
Fecha de publicación, distribución, etc. 1897 (
Fabricante Establecimiento tipo-litográfico de Vda. é Hijo de Antonio Ventayol)
300 ## - DESCRIPCIÓN FÍSICA
Extensión 15, [4] p. ;
Dimensiones 28 cm.
594 ## - Nota al título y mención de responsabilidad
Nota al título y mención de responsabilidad Memoria firmada por el secretario general José Marcet y Poal.
610 27 - PUNTO DE ACCESO ADICIONAL DE MATERIA--NOMBRE DE ENTIDAD CORPORATIVA
Nombre de entidad corporativa o nombre de jurisdicción como elemento de entrada Cámara Oficial de Comercio e Industria de Tarrasa-
Subdivisión de forma Memorias
Fuente del encabezamiento o término
9 (RLIN) 170368
852 ## - LOCALIZACIÓN
Ubicación ES-MaACL
Número de control de estantería T-822-F-12
Nota libre -- Enc. hol. conservando la cub. original
-- -- Enc. en un vol. facticio
Holdings
Estatus retirado Estado de pérdida Estado de daño No para préstamo Colección Biblioteca de origen Biblioteca actual Ubicación en estantería Fecha de adquisición Total de préstamos Signatura topográfica completa Código de barras Visto por última vez Precio de reemplazo Tipo de ítem Koha
        Colección de folletos Biblioteca del Ateneo de Madrid Biblioteca del Ateneo de Madrid Depósito folletos 17/01/2008   T-822-F-12 1159759 23/02/2023 23/02/2023 Folleto